| 000 | 00944cam a22002175a 4500 | ||
|---|---|---|---|
| 001 | L159418 | ||
| 008 | 170602s2017 xxk f 000 0 eng d | ||
| 020 | _a9781315676319 | ||
| 035 | _a(Sirsi) u159418 | ||
| 041 | 0 | _aeng | |
| 100 | 1 | _aNicholas, John | |
| 245 | 0 | 0 |
_aProject management for engineering, business and technology _h[electronic resource] |
| 260 |
_aAbingdon _bRoutledge _c2017 |
||
| 520 | _aDiscusses the principles and practice of project management. Looks at the philosophy and concepts behind project management, project life cycle, systems and procedures for planning and control and organisational behaviour. Concludes with a look at project management in the corporate sector. | ||
| 650 | 2 | 4 | _aEBOOK |
| 651 | 4 |
_aUnited Kingdom _y |
|
| 690 |
_aProject management _96261 |
||
| 700 | 1 | _aSteyn, Herma | |
| 856 | 4 | 0 |
_uhttps://www.vlebooks.com/ _zView on VLEbooks. Logins for members only from [email protected] |
| 942 | _n0 | ||
| 999 |
_c115882 _d115882 |
||